000
00274nmm a2200097Ia 4500
008
220120s9999||||xx |||||||||||||||||und||
082
_a
00 4.165 DRA
100
_a
Dreamtech software team
_9
3539
245
0
_a
Programming for embedded systems: cracking the code
260
_c
2002
999
_c
139061
_d
139061